Elenca la formazione - Quiz n°97 - Statistics

Statistiche generali
  • Questo quiz è stato fatto 47 volte
  • Il punteggio medio è 7 su 11
Statistiche sulle risposte
Ruolo Nazione Calciatore % Corretto
Difensore Germania Mats Hummels
95%
Attaccante Polonia Robert Lewandowski
93%
Trequartista Germania Marco Reus
91%
Centrocampista Germania İlkay Gündoğan
70%
Portiere Germania Roman Weidenfeller
70%
Difensore Polonia Łukasz Piszczek
61%
Difensore Serbia Neven Subotić
61%
Ala Polonia Jakub Błaszczykowski
52%
Difensore Germania Marcel Schmelzer
43%
Centrocampista Germania Sven Bender
41%
Ala Germania Kevin Großkreutz
23%
Nessun quiz corrispondente trovato
Distribuzione punteggi
Percentuale di utenti per punteggio
Percentile per numero di risposta
I tuoi punteggi nel tempo
Non hai fatto questo quiz